Solar energy (Record no. 18155)
[ view plain ]
| 000 -LEADER | |
|---|---|
| fixed length control field | 00737nam a2200241Ia 4500 |
| 003 - CONTROL NUMBER IDENTIFIER | |
| control field | IN-BaIIA |
| 008 - FIXED-LENGTH DATA ELEMENTS--GENERAL INFORMATION | |
| fixed length control field | 211028s9999 xx 000 0 eng d |
| 020 ## - INTERNATIONAL STANDARD BOOK NUMBER | |
| International Standard Book Number | 978-1-4200-7566-3 |
| 040 ## - CATALOGING SOURCE | |
| Transcribing agency | IIA Library |
| 080 ## - UNIVERSAL DECIMAL CLASSIFICATION NUMBER | |
| Universal Decimal Classification number | 620.91 |
| Item number | FOS |
| 100 ## - MAIN ENTRY--PERSONAL NAME | |
| Personal name | Foster, Robert |
| 9 (RLIN) | 34704 |
| 245 #0 - TITLE STATEMENT | |
| Title | Solar energy |
| Remainder of title | renewable energy and the environment |
| Statement of responsibility, etc. | Robert Foster, Majid Ghassemi and Alma Cota |
| 260 ## - PUBLICATION, DISTRIBUTION, ETC. | |
| Place of publication, distribution, etc. | Boca Raton |
| Name of publisher, distributor, etc. | CRC Press |
| Date of publication, distribution, etc. | 2010 |
| 300 ## - PHYSICAL DESCRIPTION | |
| Extent | xxvii, 352p. |
| 490 ## - SERIES STATEMENT | |
| Series statement | Energy and the environment |
| 650 ## - SUBJECT ADDED ENTRY--TOPICAL TERM | |
| Topical term or geographic name entry element | Photovoltaic cells |
| 9 (RLIN) | 34705 |
| 650 ## - SUBJECT ADDED ENTRY--TOPICAL TERM | |
| Topical term or geographic name entry element | Solar energy |
| 9 (RLIN) | 3295 |
| 650 ## - SUBJECT ADDED ENTRY--TOPICAL TERM | |
| Topical term or geographic name entry element | Solar resource |
| 9 (RLIN) | 28573 |
| 650 ## - SUBJECT ADDED ENTRY--TOPICAL TERM | |
| Topical term or geographic name entry element | Solar thermal systems |
| 9 (RLIN) | 34706 |
| 700 ## - ADDED ENTRY--PERSONAL NAME | |
| Personal name | Cota, Alma |
| 9 (RLIN) | 34707 |
| 700 ## - ADDED ENTRY--PERSONAL NAME | |
| Personal name | Ghassemi, Majid |
| 9 (RLIN) | 34708 |
| 942 ## - ADDED ENTRY ELEMENTS (KOHA) | |
| Koha item type | Books |
| Withdrawn status | Lost status | Damaged status | Not for loan | Home library | Current library | Shelving location | Date acquired | Source of acquisition | Cost, normal purchase price | Total Checkouts | Full call number | Barcode | Date last seen | Cost, replacement price | Price effective from | Koha item type | Purchase Price |
|---|---|---|---|---|---|---|---|---|---|---|---|---|---|---|---|---|---|
| IIA Library-Bangalore | IIA Library-Bangalore | General Stacks | 17/10/2011 | INFO | 6359.00 | 620.91/ FOS | 19077 | 05/11/2021 | 6359.00 | 17/10/2011 | Books | Rs. 6359.00 |